| 000 | 01261nam a2200301 i 4500 | ||
|---|---|---|---|
| 001 | bg | ||
| 245 | 0 | 0 |
_aRaport z badań monitorowych nad jakością gleb, roślin, produktów rolniczych i spożywczych w 1996 roku / _cop. zespół pod red. Waldemara Michny [et al. ; Państwowa Inspekcja Ochrony Środowiska]. |
| 246 | 1 | _aRaport z badań monitoringowych nad jakością gleb, roślin, produktów rolniczych | |
| 260 |
_aWarszawa : _bPIOŚ, _c1997. |
||
| 300 |
_a135 s. : _b1 mapa, wykr. ; _c24 cm. |
||
| 490 | 1 | _aBiblioteka Monitoringu Środowiska | |
| 500 | _aTyt. okł. "Raport z badań monitoringowych nad jakością...". | ||
| 650 | 9 |
_aGleba _xhigiena _zPolska _y1996 r. |
|
| 650 | 9 |
_aRyby karpiowate _xhigiena _y1996 r. |
|
| 650 | 9 |
_aSurowce roślinne _xhigiena _zPolska _y1996 r. |
|
| 650 | 9 |
_aSurowce zwierzęce _xhigiena _zPolska _y1996 r. |
|
| 650 | 9 |
_aŚrodowisko człowieka _xhigiena i ochrona _zPolska _y1996 r. |
|
| 650 | 9 |
_aŻywność _xhigiena _zPolska _y1996 r. |
|
| 700 | 1 |
_aMICHNA, Waldemar. _eRed. |
|
| 830 | _aBiblioteka Monitoringu Środowiska | ||
| 020 | _a8387166715 | ||
| 040 | _cBPK | ||
| 041 | 0 | _apl | |
| 080 | _a63:664:504](438)"1989/..." | ||
| 920 | _a83-87166-71-5 | ||
| 942 | _cKS | ||
| 008 | s pl f |000 0 pol | ||
| 999 |
_c32551 _d32551 |
||
| 856 |
_uhttp://koha.tu.koszalin.pl/cgi-bin/koha/opac-detail.pl?biblionumber=32551 _yKatalog online BPK |
||